Francuski - liczebniki - Statystyki

Ogólne statystyki
  • Ten quiz został rozwiązany 47 razy
  • Średni wynik to 58 z 102
Statystyki odpowiedzi
Hint Odpowiedź % Poprawnych
5 cinq
100%
2 deux
100%
3 trois
100%
1 un
100%
4 quatre
96%
6 six
96%
7 sept
92%
10 dix
88%
8 huit
88%
9 neuf
88%
11 onze
88%
0 zero
88%
18 dix-huit
84%
19 dix-neuf
84%
17 dix-sept
80%
12 douze
80%
14 quatorze
80%
13 treize
80%
40 quarante
76%
16 seize
76%
20 vingt
76%
50 cinquante
72%
15 quinze
72%
30 trente
72%
21 vingt-et-un
72%
41 quarante-et-un
68%
32 trente-deux
68%
31 trente-et-un
68%
33 trente-trois
68%
25 vingt-cinq
68%
22 vingt-deux
68%
28 vingt-huit
68%
29 vingt-neuf
68%
24 vingt-quatre
68%
27 vingt-sept
68%
26 vingt-six
68%
23 vingt-trois
68%
45 quarante-cinq
64%
42 quarante-deux
64%
49 quarante-neuf
64%
44 quarante-quatre
64%
47 quarante-sept
64%
46 quarante-six
64%
43 quarante-trois
64%
60 soixante
64%
35 trente-cinq
64%
38 trente-huit
64%
39 trente-neuf
64%
34 trente-quatre
64%
37 trente-sept
64%
36 trente-six
64%
48 quarante-huit
60%
70 soixante-dix
60%
55 cinquante-cinq
56%
52 cinquante-deux
56%
51 cinquante-et-un
56%
54 cinquante-quatre
56%
53 cinquante-trois
56%
62 soixante-deux
56%
61 soixante-et-un
56%
64 soixante-quatre
56%
58 cinquante-huit
52%
59 cinquante-neuf
52%
57 cinquante-sept
52%
56 cinquante-six
52%
80 quatre-vingt
52%
65 soixante-cinq
52%
68 soixante-huit
52%
69 soixante-neuf
52%
67 soixante-sept
52%
66 soixante-six
52%
63 soixante-trois
52%
72 soixante-douze
48%
73 soixante-treize
48%
71 soixante et onze
44%
74 soixante-quatorze
44%
82 quatre-vingt-deux
40%
90 quatre-vingt-dix
40%
75 soixante-quinze
40%
100 cent
36%
85 quatre-vingt-cinq
36%
81 quatre-vingt-un
36%
77 soixante-dix-sept
36%
76 soixante-seize
36%
84 quatre-vingt-quatre
32%
86 quatre-vingt-six
32%
83 quatre-vingt-trois
32%
78 soixante-dix-huit
32%
79 soixante-dix-neuf
32%
89 quatre-vingt-neuf
28%
87 quatre-vingt-sept
28%
1000 mille
24%
88 quatre-vingt-huit
24%
92 quatre-vingt-douze
20%
91 quatre-vingt-onze
20%
93 quatre-vingt-treize
16%
99 quatre-vingt-dix-neuf
12%
94 quatre-vingt-quatorze
12%
98 quatre-vingt-dix-huit
8%
97 quatre-vingt-dix-sept
8%
96 quatre-vingt-seize
8%
95 quatre-vingt-quinze
4%
Nie znaleziono quizów pasujących do podanych kryteriów
Rozkład punktacji
Procent ludzi z każdym wynikiem
Percentyl według liczby udzielonych odpowiedzi
Twoja historia wyników
Nie rozwiązałeś tego quizu